000 00368 a2200109 4500
001 ART_12550
005 20260410161907.0
008 260409a
245 1 0 _aThe Test Rate of discount and Changes in Base-Level Income in the United Kingdom
100 1 _aScoott, M. F. G.
773 0 _tThe Economic Journal
_g- Vol. 87, NÂș 346 (jun. 1977)
_wREV12512
999 _c26445
_d26445